Quizz Demon Slayer (Tous les chapitres) - Statistiques

Statistiques générales
  • Ce quiz a été pris 1 244 fois
  • Le résultat moyen est 9 sur 15
Statistiques - réponses
Question Réponse % Correct
Comment se nomme la grande soeur de Shinobu ? Kanae
90%
Quel démon remplace Daki et Gyutaro au sein des douze lunes démoniaques supérieures ? Kaigaku
89%
Comment s'appelle la fleur censé traiter les problèmes de Muzan par rapport au soleil et que ce dernier recherche ? Lycoris Bleu
81%
Quelle est la couleur du kimono que porte Tanjiro lors de la sélection finale ? Bleue
77%
Comment se nomme la forteresse de Muzan ? Dimensionnelle infinie
77%
Pourquoi Akaza est tatoué ? Ce sont des punitions pour les vols qu'il a commit étant humain
74%
Qui était le sensei de Kanroji Mitsuri ? Rengoku
74%
Qui a transformé Daki et Gyutaro en démon ? Douma
71%
Quel est le prénom humain de Kokushibo la 1ère lune démoniaque ? Michikatsu
70%
Combien d'organes possède Muzan ? 12
55%
Comment se nomme le seul enfant resté au près de Gyomei lorsque lui et ses enfantss adoptés ce sont fait attaquer par un démon ? Sato
44%
A quel âge, Daki a commencé à travailler dans des maisons closes ? 13 ans
43%
Qui était la première Lune démoniaque rencontrée par nos héros ? Kyogai
36%
Kagaya Ubuyashiki est le combientième chef de l'armée des pourfendeurs de démon ? 97ème
31%
Avec quelle arme Nakime (le démon qui joue du Biwa) a-t-elle assassiné son mari quand elle était humaine ? Marteau
16%
Aucun quiz correspondant
Distribution des résultats
% des personnes avec chaque résultat
Percentile par nombre de réponses
Votre historique - résultats
Vous n’avez pas pris ce quiz